La imagen inquieta. Juan Downey y Raúl Ruiz en contrapunto.
Сохранить в:
| Главный автор: | |
|---|---|
| Формат: | Неизвестно |
| Опубликовано: |
Santiago, Chile:
Ediciones Mundana,
2018.
|
| Редактирование: | Segunda edición. |
| Серии: | BandaAparte.
|
| Предметы: | |
| Метки: |
Добавить метку
Нет меток, Требуется 1-ая метка записи!
|
MARC
| LEADER | 00000 a2200000 4500 | ||
|---|---|---|---|
| 003 | CL-VaPUC | ||
| 005 | 20240306160247.0 | ||
| 008 | 220705t2018 ||||| |||| 00| 0 eng d | ||
| 999 | |c 436700 |d 436698 | ||
| 020 | |a 978-956-9720-05-5 | ||
| 040 | |c Pontificia Universidad Católica de Valparaíso | ||
| 082 | |a 701.18 PER 2018 | ||
| 100 | |a Pérez Villalón, Fernando |9 524843 |e autor | ||
| 245 | |a La imagen inquieta. |b Juan Downey y Raúl Ruiz en contrapunto. | ||
| 250 | |a Segunda edición. | ||
| 260 | |a Santiago, Chile: |b Ediciones Mundana, |c 2018. | ||
| 300 | |a 160 páginas. | ||
| 490 | |a BandaAparte. | ||
| 583 | |k Catalogador Asistente |c 20220705 | ||
| 650 | 0 | |a Imagen |9 311402 | |
| 650 | |a Estética |9 264950 | ||
| 650 | |a Crítica e interpretación |9 255042 | ||
| 650 | |a Filosofía del arte |9 264951 | ||
| 942 | |2 ddc |c BK | ||
| 952 | |0 0 |1 0 |2 ddc |4 0 |6 701_180000000000000_PER_2018 |7 0 |8 A |9 584396 |a BIBART |b FDOSRS |d 2022-07-05 |e 135 |g 8000.00 |i 5652522 |o 701.18 PER 2018 |p 5652522 |r 2025-03-13 |t 1 |v 8000.00 |w 2022-07-05 |y BK |k ART | ||